00338 a2200097 4500001000900000005001700009008004100026245009200067100002700159773005400186ART_762120260410161637.0260409a 10aAlgunas reflexiones sobre los convenios para evitar la doble imposición internacional1 aEdelstein, Andrés M.0 tConsultor tributariog- Nº 5 (jul. 2007)wREV474